Todelliset Euroopan valtiot - Statistics

Yleistilastot
  • Tätä visaa on pelattu 65 kertaa
  • Keskiarvotulos 38 / 44
Vastaukset kartalla
Vastauksille on annettu kartalla punavihreä väri sen mukaan, kuinka moni on saanut sen oikein.
 
Vastaustilastot
Valtio % Oikein
Ruotsi
98%
Norja
93%
Islanti
91%
Latvia
91%
Liettua
91%
Puola
91%
Tanska
91%
Valko-Venäjä
91%
Venäjä
91%
Viro
91%
Italia
89%
Ranska
89%
Saksa
89%
Ukraina
89%
Alankomaat
88%
Espanja
88%
Irlanti
88%
Itävalta
88%
Portugali
88%
Yhdistynyt kuningaskunta
88%
Belgia
86%
Kreikka
86%
Kroatia
86%
Pohjois-Makedonia
86%
Romania
86%
Slovakia
86%
Slovenia
86%
Sveitsi
86%
Unkari
86%
Albania
84%
Bulgaria
84%
Moldova
84%
Montenegro
84%
San Marino
84%
Tšekki
84%
Vatikaanivaltio
84%
Andorra
82%
Bosnia ja Hertsegovina
82%
Kosovo
82%
Luxemburg
82%
Serbia
82%
Liechtenstein
79%
Malta
79%
Monaco
79%
Ehtoja vastaavia visoja ei löytynyt
Tulosjakauma
Jokaisen tuloksen saaneiden osuus
Persentiili vastausten määrän mukaan
Tuloshistoriasi
Et ole pelannut tätä visaa